Loading...
Games, ideas and activities for early years literacy /
| Sprog: | English |
|---|---|
| Udgivet: |
Noida :
Pearson ,
2014.
|
| Fag: |
| LEADER | 00482nam a22001337a 4500 | ||
|---|---|---|---|
| 008 | 210827b ||||| |||| 00| 0 eng d | ||
| 020 | |a 9789332517301 | ||
| 082 | |a 372.6044 | ||
| 245 | |a Games, ideas and activities for early years literacy / |c Gill Coulson and Lynn Cousins . | ||
| 260 | |a Noida : |b Pearson , |c 2014. | ||
| 300 | |a 345p. : |b ill. ; |c 20cm. | ||
| 650 | 7 | |2 fast |9 1055311 |a Language arts (Early childhood) |v Activity programs-- Picture books for children . | |
| 942 | |c BK | ||
| 999 | |c 360449 |d 360449 | ||